REGULATORY AFFAIRS BASIC PROTOCOLS (Record no. 26953)

MARC details
000 -LEADER
fixed length control field 00409nam a22001577a 4500
003 - CONTROL NUMBER IDENTIFIER
control field SGT
020 ## - INTERNATIONAL STANDARD BOOK NUMBER
International Standard Book Number 978939503965997
082 ## - DEWEY DECIMAL CLASSIFICATION NUMBER
Classification number 615.1072
Item number R24V
100 ## - MAIN ENTRY--PERSONAL NAME
Personal name VEINTRAMUTHU, SANKAR
245 ## - TITLE STATEMENT
Title REGULATORY AFFAIRS BASIC PROTOCOLS
260 ## - PUBLICATION, DISTRIBUTION, ETC. (IMPRINT)
Place of publication, distribution, etc HYDERABAD
Name of publisher, distributor, etc PHARMA MED PRESS
Year of Publication 2024
300 ## - PAGE DESCRIPTION
No. of Pages 379
650 ## - SUBJECT ADDED ENTRY--TOPICAL TERM
Topical term or geographic name as entry element REGULATORY AFFAIRS
653 ## - KEYWORDS--INDEX TERM
Keyword term REGULATORY, AFFAIRS, BASIC, PROTOCOLS
942 ## - ADDED ENTRY ELEMENTS (KOHA)
Source of classification or shelving scheme Dewey Decimal Classification
Koha item type Books
942 ## - ADDED ENTRY ELEMENTS (KOHA)
-- 1
Holdings
Withdrawn status Lost status Source of classification or shelving scheme Damaged status Not for loan Collection code Home library Current library Shelving location Date acquired Vendor Name Cost, normal purchase price SGTU Bill Number Total Checkouts Full call number Accession No. (Barcode) Date last seen Date last borrowed Bill Date Koha item type
    Dewey Decimal Classification     PHARMACY SGT FA-FP Library SGT FA-FP Library Text Book 24/09/2024 AHUJA PUB. 495.00 SGTU 19381 2 615.1072 R24V FP4965 26/11/2025 06/11/2025 13/08/2024 Books
    Dewey Decimal Classification     PHARMACY SGT FA-FP Library SGT FA-FP Library Text Book 24/09/2024 AHUJA PUB. 495.00 SGTU 19381 5 615.1072 R24V FP4966 11/12/2025 25/11/2025 13/08/2024 Books